00578nam a22002057a 450000500170000001000130001702000230003003500130005303700160006604000120008208200170009410000190011124500560013025000210018626000430020727000380025030000300028865000130031865000410033120170124105950.0 aA-905162 c160.00a8170145414 aA-905162 bCen Lib/Ret aDPLbEN a336.294bPAG aPagare, Dinkar aDirect tax :cby Dinkar Pagarebwith tax planning / a5th rev. enl. ed aNew DelhibSultan Chand and Sonsc1999 a23, Darya GanjbNew Delhie110002 avarious pagingsc24cm(Hb) aTaxation aTaxation -- United States -- History